Fisiologia de la respiracion, gases sanguineos e insuficiencia respiratoria aguda (Registro nro. 175733)

Detalles MARC
001 - NÚMERO DE CONTROL
campo de control 176252
005 - FECHA Y HORA DE LA ÚLTIMA TRANSACCIÓN
campo de control 20260506085834.0
008 - DATOS DE LONGITUD FIJA--INFORMACIÓN GENERAL
campo de control de longitud fija 980428s1995 spa
035 ## - NÚMERO DE CONTROL DEL SISTEMA
Número de control de sistema 176252
035 ## - NÚMERO DE CONTROL DEL SISTEMA
Número de control de sistema (OCoLC)778042986
040 ## - FUENTE DE LA CATALOGACIÓN
Centro/agencia transcriptor comduadb
041 ## - CÓDIGO DE LENGUA
Código de lengua del texto/banda sonora o título independiente spa
080 ## - NÚMERO DE LA CLASIFICACIÓN DECIMAL UNIVERSAL
Número de la Clasificación Decimal Universal WF
100 10 - ENTRADA PRINCIPAL--NOMBRE DE PERSONA
Nombre de persona Patiño Restrepo, José Félix
Código de función aut
Número de control del registro de autoridad o número normalizado (viaf)13780616
Término indicativo de función/relación Autor/a
9 (RLIN) 283813
245 10 - MENCIÓN DE TÍTULO
Título Fisiologia de la respiracion, gases sanguineos e insuficiencia respiratoria aguda
250 ## - MENCIÓN DE EDICIÓN
Mención de edición 5ed.
260 ## - PUBLICACIÓN, DISTRIBUCIÓN, ETC.
Lugar de publicación, distribución, etc. Bogotá :
Nombre del editor, distribuidor, etc. Fepafem,
Fecha de publicación, distribución, etc. 1995.
300 ## - DESCRIPCIÓN FÍSICA
Extensión 185 páginas
500 ## - NOTA GENERAL
Nota general Compra : $14.400 nov. 21/95 8601.
650 ## - PUNTO DE ACCESO ADICIONAL DE MATERIA--TÉRMINO DE MATERIA
Término de materia o nombre geográfico como elemento de entrada Fisiologia del tracto respiratorio
9 (RLIN) 19878
650 #7 - PUNTO DE ACCESO ADICIONAL DE MATERIA--TÉRMINO DE MATERIA
Término de materia o nombre geográfico como elemento de entrada Insuficiencia respiratoria
Fuente del encabezamiento o término dcs
9 (RLIN) 18694
650 #7 - PUNTO DE ACCESO ADICIONAL DE MATERIA--TÉRMINO DE MATERIA
Término de materia o nombre geográfico como elemento de entrada Fisiología
Fuente del encabezamiento o término dcs
9 (RLIN) 31477
650 ## - PUNTO DE ACCESO ADICIONAL DE MATERIA--TÉRMINO DE MATERIA
Término de materia o nombre geográfico como elemento de entrada Respiración
9 (RLIN) 4475
650 #7 - PUNTO DE ACCESO ADICIONAL DE MATERIA--TÉRMINO DE MATERIA
Término de materia o nombre geográfico como elemento de entrada Sistema respiratorio
Fuente del encabezamiento o término dcs
9 (RLIN) 45637
942 ## - ELEMENTOS DE ENTRADA AGREGADA (KOHA)
Tipo de ítem Koha Libros
Existencias
Estado de retiro Estado de pérdida Estado dañado No para préstamo Código de colección Localización permanente Ubicación/localización actual Fecha de adquisición Número de inventario Total de préstamos Signatura topográfica completa Código de barras Fecha visto por última vez Número de copia Precio válido a partir de Tipo de ítem Koha Fuente del sistema de clasificación o colocación Fuente de adquisición Forma de adquisición Coste, precio normal de compra
        Colección General Biblioteca Campus El Carmen de Viboral Biblioteca Campus El Carmen de Viboral 10/07/2009 C1055609   612.2 P298 1995 0695870 23/04/2023 5 23/04/2023 Libros Clasificación Decimal Dewey Material adquirido por compra Compra 15000.00
Retirado de Circulación     Para Descartar Colección General Biblioteca Médica, Campus Medellín Biblioteca Médica, Campus Medellín 29/05/1998 C260349   WF102 P3-95 e1 61000001853056 23/04/2023 4 23/04/2023 Libros - Reserva        
        Colección General Biblioteca de Enfermería, Campus Medellín Biblioteca de Enfermería, Campus Medellín 28/04/1998 C243485   WF102 P3-95 61000001081286 23/04/2023 1 23/04/2023 Libros        
        Colección General Biblioteca de Enfermería, Campus Medellín Biblioteca de Enfermería, Campus Medellín 17/09/1998 C387776   WF102 P3-95 e2 61000001118724 23/04/2023 2 23/04/2023 Libros        
        Colección General Biblioteca de Enfermería, Campus Medellín Biblioteca de Enfermería, Campus Medellín 17/09/1998 C387777   WF102 P3-95 e3 61000001118666 23/04/2023 3 23/04/2023 Libros